Представление документа в формате MARC21

Поле Инд. ПП Название Значение
Тип записи a
Библиографический уровень a
001 Контрольный номер 52d80f353292491ea90873d0348ebb7f
005 Дата корректировки 20241106093631.0
041 0_ a Код языка текста rus
080 a Индекс УДК 378.1
097 b Оператор *Т*
100 1_ a Автор Туманова О.И.
245 10 a Заглавие Проблема подготовки педагогических кадров для высшей школы в условиях обновления института аспирантуры
p Название части/ раздела - Текст : электронный
b Продолж. заглавия статья
260 a Место издания Тверь
b Издательство ТвГТУ
520 0_ a Аннотация актуальность статьи обусловлена тем, что федеральные государственные требования к образовательным программам подготовки кадров высшей квалификации, вступающие в силу с 1 марта 2022 года, сосредоточены на научно-исследовательской деятельности и практически не ориентированы на развитие преподавательских навыков. Однако для обеспечения высшей школы молодыми кадрами важно сохранить в рамках обучения в аспирантуре компетенции, направленные на формирование готовности выпускника к педагогической деятельности.
653 0_ a Ключевые слова аспирантура, федеральные государственные требования, высшая школа, научно-педагогические кадры
773 18 w Контрольный № источника 583c1ac9500744d7bd4f2de48d7f6782
t Название источника Актуальные проблемы качества образования в высшей школе : материалы докладов научно-практической конференции / под редакцией В.Б. Петропавловской
d Место и дата издания Тверь : Тверской государственный технический университет, 2022
g Прочая информация С. 150-153
773 18 z ISBN 978-5-7995-1226-2
901 t Тип документа a
905 a Дата создания записи 27.10.22
950 a Редактор записи вш
951 i EL-ТГТУ? Да